Najpopularniejsze silniki spalinowe - Statystyki

Ogólne statystyki
  • Ten quiz został rozwiązany 279 razy
  • Średni wynik to 9 z 12
Statystyki odpowiedzi
Odpowiedź % Poprawnych
V8
99%
V6
98%
V12
92%
R6
84%
R4
78%
R5
69%
R3
62%
VR6
58%
W12
57%
VR4
56%
W16
56%
W8
47%
Nie znaleziono quizów pasujących do podanych kryteriów
Rozkład punktacji
Procent ludzi z każdym wynikiem
Percentyl według liczby udzielonych odpowiedzi
Twoja historia wyników
Nie rozwiązałeś tego quizu